Ekipa - Sezon 3 - Statystyki

Ogólne statystyki
  • Ten quiz został rozwiązany 494 razy
  • Średni wynik to 10 z 16
Statystyki odpowiedzi
Numer Gość Utwór % Poprawnych
11 Jacuś Zygzak
92%
3 Roksana Węgiel Napad na bank
89%
1 3KIPA
88%
(Bonus Track) Janusz Walczuk Szlafroki
70%
6 Sen
69%
4 Chill
68%
2 Qry ZAEBYŚCIE
66%
9 Uśmiech
57%
10 Do fury
56%
13 Dobry mood
55%
5 B.R.O Ja to tak czuję
54%
8 Na zajawce
54%
12 Influencer Party Hard
49%
7 Selfmade
49%
(Bonus Track) Jeden wers
46%
(Bonus Track) Shadow
44%
Nie znaleziono quizów pasujących do podanych kryteriów
Rozkład punktacji
Procent ludzi z każdym wynikiem
Percentyl według liczby udzielonych odpowiedzi
Twoja historia wyników
Nie rozwiązałeś tego quizu